000 00310nam a22001337a 4500
008 170202b xxu||||| |||| 00| 0 eng d
020 _a0914404202
041 _aeng
080 _a61
100 _a3
101 _aSHM
245 _aA SEMINAR ON POLYMRPHISM IN HUMAN ELIOS . BLOOD
_cELIOS .R.G
942 _2udc
_cBK
999 _c4285
_d4285